Manažment rizika v podniku po vstupe do EÚ

Manžment rizika v podniku. Manažment finančného rizika. Tri základné stratégie vyrovnania sa s rizikami. Základné prvky rizikového manažmentu. Interný audit finančného rizika.

Gespeichert in:
Bibliographische Detailangaben
1. Verfasser: Vavrová, Katarína, 1960-
Format: Buchkapitel
Sprache:Slowakisch
Schlagworte:
Tags: Tag hinzufügen
Keine Tags, Fügen Sie das erste Tag hinzu!

MARC

LEADER 00000naa$a2200000$$$4500
001 0054738
005 20240502071629.1
041 0 |a slo 
044 |a SK 
245 1 0 |a Manažment rizika v podniku po vstupe do EÚ  |c Katarína Vavrová 
520 |a Manžment rizika v podniku. Manažment finančného rizika. Tri základné stratégie vyrovnania sa s rizikami. Základné prvky rizikového manažmentu. Interný audit finančného rizika. 
610 2 0 |a riziko podnikateľské 
610 2 0 |a manažment 
610 2 0 |a podnik 
610 2 0 |a riadenie rizík 
610 2 0 |a riziko finančné 
610 2 0 |a audit interný 
610 2 0 |a reporting 
100 1 |a Vavrová, Katarína, 1960-